000 00866cad a22002175a 4500
001 E153143
008 110524e20110610xxka f s000 0 eng d
035 _a(Sirsi) u153143
041 0 _aeng
100 1 _aEdwards, Tom
245 0 4 _aRural affairs and fisheries
_bsubject profile
_h[electronic resource]
260 _aEdinburgh
_bScottish Parliament
_c2011
490 0 _aSPICe Briefing
_v(11/40) 10 June 2011
520 _aLooks at policies related to rural affaris in Scotland, including crofting, forestry and land reform. Also discusses fisheries and animal welfare.
521 _aAdvanced
590 _aKA
651 4 _aScotland
_y1999-
690 _aPROPERTY-RURAL AND NATURAL ASSETS
856 4 0 _uhttps://www.scottish.parliament.uk/business/research/briefings-11/SB11-40.pdf
_zView the briefing free of charge at www.scottish.parliament.uk
942 _n0
999 _c112395
_d112395